zpět

Detail výsledku týmu

Music Bar Forea, Lanškroun

Datum a čas kvízu

18 Celkem bodů Celkový počet nahraných bodů na tomto kvízu bez doplňovacích otázek.
4. Pořadí na kvízu Konečné umístění týmu na tomto kvízu.

Zaznamenané odpovědi

# Otázka Odpověď Body Výsledky
1. V Sekorově knize Uprchlík na p... kukačka 1
2. Je maličká, na zádech má hrb a... (paní) Láryfáry 0
3. Která kniha začíná věnováním,... Malý princ 1
4. Mládí v hajzlu je poměrně popu... C. D. Payne, Nick 0
5. Vojtěch Steklač napsal sérii k... Aleš, Čenda a Mirek 0
6. Toto téma zahájíme opravdu hlu... Sumer, Uruk 0
7. Jak se jmenuje římský spisovat... Petronius 1
8. Zcela opomenout v literárním k... Proglas, ve staroslověnštině (staroslovanštině) 0.5
9. Děj Danteho Božské komedie se... B 1
10. Přiřaďte národy z Gulliverovýc... 1C 2D 3B 4A 0